| 000 | 00491nam a2200169 i 4500 | ||
|---|---|---|---|
| 001 | 65029 | ||
| 003 | ES-MaACL | ||
| 005 | 20230906165301.0 | ||
| 007 | t| | ||
| 008 | 040108s1926 xxu |||| | eng d | ||
| 100 | 1 |
_aFrank, Waldo. _952316 |
|
| 245 | 1 | 0 |
_aVirgin Spain _b: scenes from the spiritual drama of a great people / _cWaldo Frank. |
| 260 |
_aNew York : _bBoni & Liveright, _c1926. |
||
| 300 |
_a301 p. ; _c23 cm. |
||
| 651 | 4 |
_aEspaƱa- _xHistoria. _98209 |
|
| 852 |
_aES-MaACL _jB-556 |
||
| 999 |
_c65029 _d65029 |
||